000 01102nam a22002897a 4500
005 20220808104826.0
008 220808s2022 enk |||gr|||| 00| 0 eng d
020 _a9781032121130
020 _a9780367893316
020 _a9781003223115
040 _aCO-BoUCM
_bspa
_cDeissy Garcia
_dDeissy Garcia
041 0 _aeng
060 _aWM 140
100 1 _9175385
_aScanlon, Christopher
245 1 0 _aPsycho-social explorations of trauma, exclusion and violence
_bun-housed minds and inhospitable environments
_cChristopher Scanlon, John Adlam
260 _aAbingdon, Oxon (Reino Unido)
_aNueva York
_bRoutledge
_c2022
300 _axxviii, 185 páginas
490 0 _aThe new international library of group analysis
504 _aIncluye referencias bibliográficas e índices
650 7 _918207
_aJusticia social
650 7 _918206
_aJusticia restaurativa
650 0 _979668
_aTrastornos de estrés postraumático
650 7 _922782
_aPsicoanálisis de grupo
650 7 _925361
_aTerapia de grupo
700 1 _9175386
_aAdlam, John
942 _2NLM
_cLIBRO
_a15
_e1
_hWM 140
_mS283p
_n0
999 _c321555
_d321555